01571nam a2200445 i 450000100060000000300090000600500170001500800390003201500160007102000150008704000280010204100130013004600090014308000110015208000100016308000110017310000270018424500950021126000460030630000290035233600270038133700540040833800280046238000160049038000230050638800140052938800140054349000820055750000630063950400270070254600190072965000260074865000250077465000180079965800280081765800430084571000770088883000620096585600980102730864KOSZ 00520200907105719.0970510s1992 pl a f |000 0 pol aPB 1993/125 a8390051028 aWA NcWA NdKOSZ 005/HR0 apolbeng k1992 a621.38 a004.8 a004.311 aBudzisz, HenrykeAutor10aMetody reprezentacji i przetwarzania wiedzy o układach elektronicznych /cHenryk Budzisz. aKoszalin :bWydaw. Uczelniane WSI,c1992. a197 s. :brys. ;c24 cm. 2rdacontentaTekstbtxt 2rdamediaaBez urządzenia pośredniczącegobn 2rdacarrieraWoluminbnc aKsiążki aPublikacje naukowe a1901-2000 a1989-20001 aMonografie / [Wyższa Szkoła Inżynierska w Koszalinie],x0239-7129 ;v43. aNa s. red. nazwa serii : Monografia Instytutu Elektroniki. aBibliogr. s. 150-162.  aStreszcz. ang. 4aSztuczna inteligencja 4aUkład elektroniczny 4aProjektowanie aInżynieria i technika aInformatyka i technologie informacyjne2 aWydawnictwo Uczelniane (Wyższa Szkoła Inżynierska ; Koszalin)4pbl. 0aMonografie - Wyższa Szkoła Inżynierska, Koszalinv43 uhttp://koha.tu.koszalin.pl/cgi-bin/koha/opac-detail.pl?biblionumber=30864yKatalog online BPK